Gethin Parry v Derbyshire Dales District Council (Record no. 77313)

MARC details
000 -LEADER
fixed length control field 01997cab a2200241 4500
001 - CONTROL NUMBER
control field ##L133998
008 - FIXED-LENGTH DATA ELEMENTS--GENERAL INFORMATION
fixed length control field 060629n2006 000 0 eng u
035 ## - SYSTEM CONTROL NUMBER
System control number (Sirsi) u133998
041 0# - LANGUAGE CODE
Language code of text/sound track or separate title eng
245 00 - TITLE STATEMENT
Title Gethin Parry v Derbyshire Dales District Council
260 ## - PUBLICATION, DISTRIBUTION, ETC.
Date of publication, distribution, etc. 2006
520 ## - SUMMARY, ETC.
Summary, etc. [2006] EWHC 988 (Admin), 5 May 2006. Considers whether a landowner resided in his property within the meaning of the Local Government Finance Act 1992 s6. Appeal by P against the valuation tribunal's decision dismissing his appeal against D's decision that P's property had been his sole or main residence for a certain period. P had let his cottage unfurnished while he worked in Spain. When he accepted the premature termination of the tenancy he continued to work in Spain. He returned to reside in his cottage seven months after the tenancy's termination during which time the property had remained empty. D decided P should pay 75% of the council tax on the basis that he was a resident with a freehold interest under s 6(2)(a) or as the owner under s6(2)(f) of the Act. D submitted that once the tenancy terminated there was no legal impediment to P's residence and therefore it had resumed. "Held": appeal allowed. The cottage was not P's sole or main residence within the meaning of s6 of the Act during the period in question. Ownership was not residence and for a property to be a person's sole or main residence he had to reside in it.
590 ## - LOCAL NOTE (RLIN)
Local note IKA040706
650 24 - SUBJECT ADDED ENTRY--TOPICAL TERM
Topical term or geographic name entry element LOCAL GOVERNMENT FINANCE ACT 1992 S6
650 24 - SUBJECT ADDED ENTRY--TOPICAL TERM
Topical term or geographic name entry element LOCAL GOVERNMENT FINANCE ACT 1992 S6(2)(f)
650 24 - SUBJECT ADDED ENTRY--TOPICAL TERM
Topical term or geographic name entry element GETHIN PARRY V DERBYSHIRE DALES DC
650 24 - SUBJECT ADDED ENTRY--TOPICAL TERM
Topical term or geographic name entry element R V WILLIAMS V HORSHAM DC
650 24 - SUBJECT ADDED ENTRY--TOPICAL TERM
Topical term or geographic name entry element LOCAL GOVERNMENT FINANCE ACT 1992 S6(2)(a)
651 #4 - SUBJECT ADDED ENTRY--GEOGRAPHIC NAME
Geographic name England and Wales
Chronological subdivision 1543-
690 ## - LOCAL SUBJECT ADDED ENTRY--TOPICAL TERM (OCLC, RLIN)
Topical term or geographic name as entry element PROPERTY-RESIDENTIAL PROPERTY-RESIDENTIAL PROPERTY TAXATION-COUNCIL TAX
856 40 - ELECTRONIC LOCATION AND ACCESS
Uniform Resource Identifier <a href="https://www.bailii.org/ew/cases/EWHC/Admin/2006/1481.html">https://www.bailii.org/ew/cases/EWHC/Admin/2006/1481.html</a>
Public note View the judgment free of charge at www.bailii.org...
942 ## - ADDED ENTRY ELEMENTS (KOHA)
Suppress in OPAC 0
Holdings
Withdrawn status Lost status Source of classification or shelving scheme Damaged status Not for loan Home library Current library Shelving location Date acquired Total Checkouts Full call number Barcode Date last seen Copy number Price effective from Koha item type
    Dewey Decimal Classification     Virtual Virtual Online 29/06/2006   ONLINE PUBLICATION 133998-2001 06/08/2019 1 06/08/2019 Law report